Karpatská iniciatíva pre mokrade

Bibliographic Details
Main Author: Kadlečík, Ján, 1957- (Author)
Format: Article
Language:Slovak
PhysicalDescription:Fotogr.
ISSN:1335-1877
Subjects:

MARC

LEADER 00000nab a2200000 a 4500
001 vtls010258398
003 SK-MaSNL
005 20260304161016.0
008 25050728c2008 xo o |||||||||||||||slol
015 |a SNBRB2009/05 
035 |a SVKKK000095852 
035 |a urn:nbn:sk:snk-ab6j9v 
035 |a (uuid)e0070ef2-1efc-45ed-be62-354f93b9814a 
035 |a (urnnbn)urn:nbn:sk:snk:ar-004ij5 
035 |a (sysno)vtls010258398 
038 |a SVKKK 
040 |a SNKBUCL  |b slo  |c SNKBUCL  |e AACR2 
041 0 |a slo 
044 |a xo  |c SK 
080 |a 504.05:502.31:574  |2 1997 
100 1 |a Kadlečík, Ján,  |d 1957-  |4 aut  |9 135377 
245 1 0 |a Karpatská iniciatíva pre mokrade  |c Ján Kadlečík 
300 |b Fotogr. 
630 0 7 |a Karpatský dohovor  |2 snkbucl  |9 1484390 
650 0 7 |a mokrade  |2 SNKPH  |9 17500 
650 0 7 |a fauna  |2 SNKPH  |9 3748 
650 0 7 |a flóra  |2 SNKPH  |9 85117 
650 0 7 |a ochrana mokradí  |2 SNKPH  |9 73617 
773 0 |t Enviromagazín  |g Roč. 13, č. 3 (2008), s. 19-19  |x 1335-1877 
850 |a Slovenská národná knižnica 
852 |a Slovenská národná knižnica 
954 |a odborná, vedecká literatúra pôvodná (slovenská)  |2 lita 
958 |a article27 
958 |a OND 
958 |a EUIPO 
999 |c 2969614  |d 2971544